000 00495nam a22001932 4500
001 0000002009
005 20151217151836.0
008 070330s xx 000 0 eng d
040 _aKABU
_cKABU
050 0 _aHD6971
_b.B87 1997
100 1 _aBurchill, Frank.
_@0000151179
245 1 0 _aLabour relations.
250 _a2nd ed.
260 _aNew York :
_bPalgrave,
_c1997.
300 _a 221p.
908 _a070330
950 _@1
999 _c5584
_d5584